| 000 | 00405nam a22001457a 4500 | ||
|---|---|---|---|
| 003 | OSt | ||
| 005 | 20211228145710.0 | ||
| 008 | 211228b |||||||| |||| 00| 0 eng d | ||
| 040 | _cHU | ||
| 082 | _a371.3663GUI2009 | ||
| 245 |
_aThe Federal Democratic Repoblic of Ethiopia; _bGuidelines for the preparation of public Sector Prejects |
||
| 260 | _c2009 | ||
| 300 |
_a259p _bPC _c24cm |
||
| 942 |
_2ddc _cBOOKS _n0 |
||
| 999 |
_c24674 _d24674 |
||